| 000 | 09025cam a2200721 4500 | ||
|---|---|---|---|
| 008 | 090401t1996 xxu||||| |||| 00| 0 eng d | ||
| 020 | _a0854067426 | ||
| 035 | _a(Sirsi) u64121 | ||
| 041 | _aeng | ||
| 050 | _a690.072 | ||
| 090 | _aRICS 1996/6ABCD | ||
| 110 |
_aRoyal Institution of Chartered Surveyors _94900 |
||
| 245 |
_aCOBRA `95 : proceedings of the first RICS Construction and Building Research Conference held at Heriot-Watt University on 8th-9th September 1995. Volume 2 _h[electronic resource] |
||
| 260 |
_aLondon _bRICS _c1996 |
||
| 300 | _aiv,288p. : ill. ; 30cm. | ||
| 350 | _a30 | ||
| 520 | _aVolume 2 ISBN 0854067426. CONTENTS: - Cultivating continuous improvement in facilities management. - BARRETT P., SEXTON, M. & STANLEY, C. / A holistic estates information strategy. - WILLIAMS, A. & ANKER, K. / Strategic property management in not-for-profit organisations. - BALDRY, D. / Integrated, development management systems. - BARRETT, P. & SEXTON, M. / Strategic planning for the needs of the public housing stock. - HOLMES, R. & MARSHALL, D. / Functional utility in properties - a space management approach. - PITT, T. & GRIFFITH, G. / Trends in built assets management - implications on management and delivery of service. - THEN, D. / Fit for the task: producing an industry capable or repairing and maintaining the private housing stock. - LEATHER, P. & ROLFE, S. / School maintenance management: meeting the client`s need with a condition survey. - TURRELL, P. / Integrated housing management: the need for effective information systems. - ALLEN, S. & HINKS, J. / The management and control mechanisms needed for effective reactive maintenance systems - HANSON, H. / Just-in-time maintenance - SMYTH, H. & WOOD, B. / Incongruity of catch up repairs: towards a practical definition - RIYAT, R. / IT and building maintenance management - selecting an appropriate system - Jones, K.; BURROWS, C; COLLIS, S. / Sinking funds for major repairs provision: some calculated examples - BOWLES, G.; GOW, H. / Moisture measurement in masonry: guidance for surveyors - HOWELL, J. / Options for the rehabilitation of buildings suffering from corrosion in reinforced concrete - BANFILL, P. / Design of dwellings and accidents involving children - RENNIE, D.; FORD, N. / Who needs energy labelling? An assessment of energy efficiency measures adopted in UK housing in response to perceived client need - Davies, H. / Thermal performance of West Country cob cottage - GOODHEW, S.; GRINDLEY, P.; PROBERT S. / How 'green' are residential prefabricated building systems? - OUTHRED, G.; GRAHAM P. / Construction maintenance - the consequences and probability of failure - MORTON, C.; GRANT, F. / Re-engineering the processes of construction engineering and design: islands of automation to integration - HAZELHURST, G. / Business process re-engineering in the construction industry: a production engineering tool. - FOWLER, C. / Strategy formulation and implementation for the use of information technology in the construction industry - HAMILTON, A.; LONGHURST, S.; FORD, P. / An equilibrium theory of the property market - SAMPSON, A. / Risk management and international construction projects - LOWE, J.; WHITWORTH, T. / Strategic advantage through cross-holdings in UK and EU construction organisations - SOMMERVILLE, J. / Life span assessment of building components - ALLWINKLE, S. J. | ||
| 650 | _aBUILDING RESEARCH | ||
| 650 | _aCLIENT NEEDS | ||
| 650 | _aCOBRA 95 | ||
| 650 | _aCONSTRUCTION AND BUILDING RESEARCH | ||
| 650 | _aCONSTRUCTION INDUSTRY | ||
| 650 |
_aCONSTRUCTION MANAGEMENT _96230 |
||
| 650 | _aCONSTRUCTION RESEARCH | ||
| 650 | _aCONTAMINATED LAND | ||
| 650 | _aDESIGN AND BUILD | ||
| 650 | _aFACILITIES PROGRAMMING | ||
| 650 | _aFLOOD DAMAGE | ||
| 650 | _aLIFE CYCLE COSTING | ||
| 650 |
_aProject management _96261 |
||
| 650 |
_aQuantity surveying _96263 |
||
| 690 | _aBUILT ENVIRONMENT | ||
| 856 | 4 | 0 |
_uhttps://www.rics.org/Global/Downloads/CultivatingContinuousImprovementsFacilitiesManagement199509.pdf _zView 'Cultivating continuous improvements in facilities management' at www.rics.org... |
| 856 | 4 | 0 |
_uhttps://www.rics.org/Global/Downloads/HolisticEstatesInformationStrategy1995.pdf _zView 'A holistic estates information strategy' at www.rics.org... |
| 856 | 4 | 0 |
_uhttps://www.rics.org/Global/Downloads/StrategicPropertyManagement1995.pdf _zView 'Strategic property management in not-for-profit organisations' at www.rics.org... |
| 856 | 4 | 0 |
_uhttps://www.rics.org/Global/Downloads/IntegratedDevelopmentalManagementSystems199509.pdf _zView 'Integrated, developmental management systems' at www.rics.org... |
| 856 | 4 | 0 |
_uhttps://www. _zView '' at www.rics.org... |
| 856 | 4 | 0 |
_uhttps://www.rics.org/Global/Downloads/FunctionalUtilityProperties199509.pdf _zView 'Functional utility in properties: a space management approach' at www.rics.org... |
| 856 | 4 | 0 |
_uhttps://www.rics.org/Global/Downloads/TrendsBuiltAssetsMaintenanceManagement199509.pdf _zView 'Trends in built assets maintenance management - implications on management and service delivery' at www.rics.org... |
| 856 | 4 | 0 |
_uhttps://www.rics.org/Global/Downloads/FitForTaskProducingIndustry199509.pdf _zView 'Fit for the task: producing an industry capable of repairing and maintaining the private housing stock' at www.rics.org... |
| 856 | 4 | 0 |
_uhttps://www. _zView '' at www.rics.org... |
| 856 | 4 | 0 |
_uhttps://www.rics.org/Global/Downloads/IntegratedHousingManagementMaintenance1995.pdf _zView 'Integrated housing management and maintenance: the need for effective information systems' at www.rics.org... |
| 856 | 4 | 0 |
_uhttps://www.rics.org/Global/Downloads/JustInTimeMaintenance1995.pdf _zView 'Just-in-time maintenance' at www.rics.org... |
| 856 | 4 | 0 |
_uhttps://www.rics.org/Global/Downloads/IncongruityCatchUpRepairs1995.pdf _zView 'Incongruity of catch up repairs: towards a practical definition' at www.rics.org... |
| 856 | 4 | 0 |
_uhttps://www.rics.org/Global/Downloads/ITBuildingMaintenanceManagement1995.pdf _zView 'IT and building maintenance management: selecting an appropriate system' at www.rics.org... |
| 856 | 4 | 0 |
_uhttps://www.rics.org/Global/Downloads/SinkingFundsMajorRepairsProvision1995.pdf _zView 'Sinking funds for major repairs provision: some calculated examples' at www.rics.org... |
| 856 | 4 | 0 |
_uhttps://www.rics.org/Global/Downloads/MoistureMeasurementMasonry199509.pdf _zView 'Moisture measurement in masonry: guidance for surveyors' at www.rics.org... |
| 856 | 4 | 0 |
_uhttps://www.rics.org/Global/Downloads/RehabilitationBuildingsSufferingCorrosionReinforcedConcrete1995.pdf _zView 'Options for the rehabilitation of buildings suffering from corrosion in reinforced concrete' at www.rics.org... |
| 856 | 4 | 0 |
_uhttps://www.rics.org/Global/Downloads/DesignDwellingsAccidentsInvolvingChildren1995.pdf _zView 'Design of dwellings and accidents involving children' at www.rics.org... |
| 856 | 4 | 0 |
_uhttps://www.rics.org/Global/Downloads/WhoNeedsEnergyLabelling1995.pdf _zView 'Who needs energy labelling? An assessment of energy efficiency measures adopted in UK housing in response to perceived client need' at www.rics.org... |
| 856 | 4 | 0 |
_uhttps://www. _zView '' at www.rics.org... |
| 856 | 4 | 0 |
_uhttps://www.rics.org/Global/Downloads/HowGreen1995.pdf _zView 'How 'green' are residential prefabricated building systems?' at www.rics.org... |
| 856 | 4 | 0 |
_uhttps://www.rics.org/Global/Downloads/ConstructionMaintenance199507.pdf _zView 'Construction maintenance - the consequences and probability of failure' at www.rics.org... |
| 856 | 4 | 0 |
_uhttps://www.rics.org/Global/Downloads/ProcessesConstructionEngineeringDesign199509.pdf _zView 'Re-engineering the processes of construction engineering and design: islands of automation to integration' at www.rics.org... |
| 856 | 4 | 0 |
_uhttps://www.rics.org/Global/Downloads/economics_of_organic_farming__19990101.pdf _zView 'Business process re-engineering in the construction industry: a production engineering tool.' at www.rics.org... |
| 856 | 4 | 0 |
_uhttps://www.rics.org/Global/Downloads/StrategyFormulationImplementationUseIT199509.pdf _zView 'Strategy formulation and implementation for the use of information technology in the construction industry' at www.rics.org... |
| 856 | 4 | 0 |
_uhttps://www.rics.org/Global/Downloads/EquilibriumTheoryPropertyMarket199509.pdf _zView 'An equilibrium theory of the property market' at www.rics.org... |
| 856 | 4 | 0 |
_uhttps://www.rics.org/Global/Downloads/RiskManagementInternationalProjects199509.pdf _zView 'Risk management for international projects' at www.rics.org... |
| 856 | 4 | 0 |
_uhttps://www.rics.org/Global/Downloads/StrategicAdvantageThroughCrossHoldings199509.pdf _zView 'Strategic advantage through cross-holdings in UK and EU construction organisations' at www.rics.org... |
| 856 | 4 | 0 |
_uhttps://www.rics.org/Global/Downloads/LifeSpanAssessmentBuildingComponents1995.pdf _zView 'Life span assessment of building components' at www.rics.org... |
| 942 | _n0 | ||
| 948 | _c04/03/1997 | ||
| 999 |
_c94642 _d94642 |
||